000 01780cam a2200409 i 4500
999 _c63954
_d63954
001 885225915
003 CO-MdFUSB
005 20180622072747.0
008 140804t20142009nyud b 001 0 eng d
010 _a2009013025
020 _a1107428017 (pbk.)
020 _a9781107428010 (pbk.)
040 _aYDXCP
_bspa
_cCO-MdFUSB
_dCO-MdFUSB
_erda
041 _aeng
082 _224
_aG 200.19
_bM478n
092 _a200.19
_bM2325n 2014
100 1 _aMcNamara, Patrick,
_d1956-
_eautor
245 0 4 _aThe neuroscience of religious experience
_c/ Patrick McNamara
250 _aFirst paperback edition.
264 1 _aNew York, NY :
_bCambridge University Press,
_c℗2014
264 4 _c©2009
300 _axvi, 301 páginas ;
_c23 cm.
_b:
336 _a1
_ba1
_2rdacontent.
337 _a2
_b5
_2rdamedia.
338 _a2
_b5
_2rdacarrier.
500 _aFirst published: 2009.
501 _aIncluye índice (p. 291- 301)
504 _aBibliografía (p. 259- 289)
505 _aDios y el yo -- Sobre el yo y el yo dividido -- Mecanismos y dinámica del descentramiento -- Neurología del yo -- Neurología de las experiencias religiosas -- Neuroquímica de la religiosidad -- La auto-transformación como función clave de la realización de la religión Prácticas -- Auto-transformación a través de la posesión del espíritu -- Conceptos de Dios -- Lenguaje religioso -- Ritual -- Desarrollo de la vida de la religiosidad y el yo -- La evolución del yo y la religión
650 7 _aPsicología y religión
_9229
942 _cBK